000
00281nam a2200121Ia 4500
008
190802s9999 xx 000 0 und d
020
_a
978-0-582-53942-6
100
_a
Susan Conrad
245
0
_a
Student Grammar
260
_a
England
_b
Longman
_c
2013
300
_a
140:p
942
_c
BK
999
_c
2548
_d
2548